000 00783nam a2200217 i 4500
001 45581
003 ES-MaACL
005 20251001145915.0
007 t|
008 030326s1965 sp ||||1| spa d
100 1 _aColmeiro, Manuel (
_d1818-1894)
_939768
245 1 0 _aHistoria de la economía política en España /
_cManuel Colmeiro ; nota preliminar y bibliografía por Gonzalo Anes Alvarez.
260 _a[Madrid] :
_bTaurus,
_c1965.
300 _a2 v. ;
_c21 cm.
490 1 _aBiblioteca Política "Taurus" ;
_v8
651 4 _aEspaña-
_xSituación económica-
_vHistoria.
_9156949
700 1 _aAnes, Gonzalo,
_d1931-2014
_921689
830 0 _aBiblioteca Política "Taurus" ;
_v8
_9176515
852 _aES-MaACL
_jC-27653-54
_bR.56895
999 _c45581
_d45581